书目信息 |
| 题名: |
中华人民共和国交通地图集
|
|
| 作者: | ;星球地图出版社 编 | |
| 分册: | ||
| 出版信息: | 北京 星球地图出版社 2005 |
|
| 页数: | 182页 | |
| 开本: | 38cm | |
| 丛书名: | ||
| 单 册: | ||
| 中图分类: | F512.99-64 | |
| 科图分类: | ||
| 主题词: | 交通图--中国 | |
| 电子资源: | ||
| ISBN: | 7-80104-652-8 | |
| 000 | 00778nam0 2200241 450 | |
| 001 | 012005049947 | |
| 005 | 20061113085359.21 | |
| 010 | @a7-80104-652-8@dCNY98.00 | |
| 100 | @a20050701d2005 em y0chiy0110 ea | |
| 101 | 0 | @achi |
| 102 | @aCN@b110000 | |
| 105 | @ab z 000yy | |
| 106 | @ad | |
| 200 | 1 | @a中华人民共和国交通地图集@9zhong hua ren min gong he guo jiao tong di tu ji@f星球地图出版社编 |
| 205 | @a2版 | |
| 210 | @a北京@c星球地图出版社@d2005 | |
| 215 | @a182页@d38cm | |
| 330 | @a本书收集了总图、华北、东北、华东、华中、华南、西南、西北、港澳台地区的地图以及道路交通标志。 | |
| 606 | 0 | @a交通图@y中国 |
| 690 | @aF512.99-64@v4 | |
| 711 | 02 | @a星球地图出版社@9xing qiu di tu chu ban she@4编 |
| 801 | 0 | @aCN@bRENTIAN@c20061113 |
| 905 | @a10447@dF512.99-64@e13=2 | |
| 中华人民共和国交通地图集/星球地图出版社编.-2版.-北京:星球地图出版社,2005 |
| 182页;38cm |
| ISBN 7-80104-652-8:CNY98.00 |
| 本书收集了总图、华北、东北、华东、华中、华南、西南、西北、港澳台地区的地图以及道路交通标志。 |
| ● |
| 相关链接 |
|
|
|
|
正题名:中华人民共和国交通地图集
索取号:F512.99-64/13=2
 
预约/预借
| 序号 | 登录号 | 条形码 | 馆藏地/架位号 | 状态 | 备注 |
| 1 | 0384509 | 203845090 | 第一样本阅览室/ [索取号:F512.99-64/13=2] | 在馆 |